| 000 | 00620nam a2200241Ia 4500 | ||
|---|---|---|---|
| 005 | 20260430150346.0 | ||
| 008 | 008 250103s9999 xx 000 0 eng d | ||
| 037 | _aTheses | ||
| 040 | _aCRL | ||
| 040 | _beng | ||
| 040 | _ceng | ||
| 041 | _2eng | ||
| 041 | _aeng | ||
| 084 | _qCRL | ||
| 100 |
_aSingh Saloni Au.; Gupta Kiran Gu. _91237254 |
||
| 245 | 0 | _aChild Sexual Abuse in India-a Critical Analysis of the Pocso ACT, 2012 | |
| 260 | _c2023 | ||
| 300 | _a308p. | ||
| 650 | _aLaw | ||
| 700 |
_aUniversity of Delhi. Faculty of Arts. Deptt. of Law _91237255 |
||
| 942 | _cTH | ||
| 999 |
_c1849597 _d1849597 |
||